| 000 | 01404cam a22001934a 4500 | ||
|---|---|---|---|
| 005 | 20250605164022.0 | ||
| 008 | 250528s ||||||||||||||||||||||||d | ||
| 035 | _a16378 | ||
| 040 |
_aGR-AtMCL _bgre _dGR-AtMCL _eAACR2 |
||
| 245 | 1 |
_aΟικονομικός Προγραμματισμός Επενδύσεων / Αρχές για τη Λήψη Αποφάσεων. _nΤόμος Β' |
|
| 260 |
_bΠαπαζήση, _c1983 |
||
| 300 | _a240 | ||
| 520 | _aΑγορά ή Ενοικίαση, Λογιστικές Έννοιες Συνεπείς προς τους υπολογισμούς της Παρούσας Αξίας, Προγραμματισμός Επενδύσεων και Πληθωρισμός, Εκλογή Χρόνου Επενδύσεων, Αξιολόγηση Ιδιωτικών Επενδυτικών Προτάσεων από την Άποωη της Εθνικής Οικονομίας, Διακυμάνσεις στο Ρυθμό Παραγωγής, Χρησιμοποίηση Χαρτοφυλακίων Επενδύσεων για τη Μεταβολή του Κινδύνου, Μοντέλα για την Ανάλυση Χαρτοφυλακίων, Στενότητα Κεφαλαίων: Αναγωγή σε Πρόβλημα Προγραμματισμού. | ||
| 700 | 1 | _aBierman Harold Jr. | |
| 700 | 1 |
_aSmidt Seimour _92473 |
|
| 942 | _cBK | ||
| 999 |
_c1886 _d1886 |
||